| 000 | 00434nam a2200145Ia 4500 | ||
|---|---|---|---|
| 008 | 231129s1983||||xx |||||||||||||| ||spa|| | ||
| 020 | _a84-89209-19-4 | ||
| 040 | _bspa | ||
| 082 | _a303.62861 S199b | ||
| 100 | _aSánchez G. Gonzalo | ||
| 245 | 0 | _aBandoleros gamonales y campesinos: el caso de la violencia en Colombia | |
| 260 | _c1983 | ||
| 264 | _aEl íncora Editores | ||
| 942 |
_2ddc _cBKS |
||
| 999 |
_c6033 _d6033 |
||